000 00897nam a22001577a 4500
003 OSt
005 20160509150300.0
008 160509b xxu||||| |||| 00| 0 eng d
040 _cRUA
082 _aAGR LOR 2012 B470 Or.1
100 _98333
_aLOR VANDARITH; ឡោ វណ្ណដារិទ្ធ
245 _aEffect of herbicide on weeds in ir66 rice fields in kchao village, saray commune, tramkok district, takeo province; ប្រសិទ្ធភាពថ្នាំសំលាប់ស្មៅផ្សេងៗគ្នាលើពូជស្រូវអ៊ីអ៊ែរ៦៦ ក្នុងលក្ខខណ្ឌដើមរដូវវស្សា នៅភូមិខ្ចៅ ឃុំអូរសារាយ ស្រុកត្រាំកក់ ខេត្តតាកែវ
260 _aPhnom Penh
_bRUA
_c2012
300 _ax;45p.
_bill.
_c29cm.
942 _2ddc
_cAGR
999 _c7985
_d7985